|
|
|
|
| LEADER |
01524nam a2200385Ia 4500 |
| 001 |
EBC436434 |
| 003 |
MiAaPQ |
| 005 |
20200520144314.0 |
| 006 |
m o d | |
| 007 |
cr cn||||||||| |
| 008 |
930401s1993 enk sb 001 0 eng d |
| 020 |
|
|
|z 9781850753988
|
| 020 |
|
|
|z 1850753989
|
| 035 |
|
|
|a (MiAaPQ)EBC436434
|
| 035 |
|
|
|a (Au-PeEL)EBL436434
|
| 035 |
|
|
|a (CaPaEBR)ebr10250781
|
| 035 |
|
|
|a (CaONFJC)MIL180364
|
| 035 |
|
|
|a (OCoLC)893334179
|
| 040 |
|
|
|a MiAaPQ
|c MiAaPQ
|d MiAaPQ
|
| 050 |
|
4 |
|a HD129
|b .F33 1993
|
| 100 |
1 |
|
|a Fager, Jeffrey A.
|
| 245 |
1 |
0 |
|a Land tenure and the biblical jubilee
|h [electronic resource] :
|b uncovering Hebrew ethics through the sociology of knowledge /
|c Jeffrey A. Fager.
|
| 260 |
|
|
|a Sheffield, Eng. :
|b JSOT Press,
|c c1993.
|
| 300 |
|
|
|a 135 p.
|
| 490 |
1 |
|
|a Journal for the study of the Old Testament. Supplement series ;
|v 155
|
| 504 |
|
|
|a Includes bibliographical references and indexes.
|
| 533 |
|
|
|a Electronic reproduction. Ann Arbor, MI : ProQuest, 2015. Available via World Wide Web. Access may be limited to ProQuest affiliated libraries.
|
| 650 |
|
0 |
|a Land tenure
|x Religious aspects
|x Judaism.
|
| 650 |
|
0 |
|a Land tenure (Jewish law)
|
| 650 |
|
0 |
|a Land tenure
|z Middle East.
|
| 650 |
|
0 |
|a Jubilee (Judaism)
|
| 655 |
|
4 |
|a Electronic books.
|
| 710 |
2 |
|
|a ProQuest (Firm)
|
| 830 |
|
0 |
|a Journal for the study of the Old Testament.
|p Supplement series ;
|v 155.
|
| 856 |
4 |
0 |
|u https://ebookcentral.proquest.com/lib/matrademy/detail.action?docID=436434
|z Click to View
|